Anglicko-slovenský slovník s najnovšími výrazmi

Na minha lista:
Detalhes bibliográficos
Main Authors: Fronek, Josef (Author), Mokráň, Pavel (Author)
Formato: Livro
Idioma:inglês
eslovaco
Publicado em: Bratislava : Veda, 1999
Tags: Adicionar Tag
Sem tags, seja o primeiro a adicionar uma tag!

MARC

LEADER 00000nam a22000003a 4500
001 stu72831
005 20150617225648.4
008 011126s1999----xo------------------eng-d
020 |a 80-224-0609-0 
040 |a STU  |b slo 
041 0 |a eng  |a slo 
044 |a xo 
080 |a 801.323=850=854 
100 1 |a Fronek, Josef  |4 aut 
245 1 |a Anglicko-slovenský slovník s najnovšími výrazmi 
260 |a Bratislava :  |b Veda,  |c 1999 
300 |a 44,1221 s 
700 1 |a Mokráň, Pavel  |4 aut 
996 |c V*47082/O-20694  |l VV3  |s P  |a 0  |w stu72831_0001 
996 |c V*47558/O-20948  |l VV2  |s P  |a 0  |w stu72831_0002 
996 |c V*47622/O-20985  |l VV1  |s P  |a 0  |w stu72831_0003 
996 |c V*48264/O-21287  |l VV9  |s P  |a 0  |w stu72831_0004 
996 |c V*47311/O-20832  |l VV6  |s P  |a 0  |w stu72831_0005